[Event "WYCC Open U14"]
[Site "Porto Carras"]
[Date "2015.10.27"]
[Round "3.7"]
[White "Chylewski, Patryk"]
[Black "Gaifullin, Artur"]
[Result "1/2-1/2"]
[BlackElo "2328"]
[WhiteElo "2161"]
[LiveChessVersion "1.4.6"]

1. d4 {[%clk 1:30:57]} Nf6 {[%clk 1:30:56]} 2. c4 {[%clk 1:31:22]} e6
{[%clk 1:31:23]} 3. Nf3 {[%clk 1:31:21]} Bb4+ {[%clk 1:31:49]} 4. Nbd2
{[%clk 1:31:43]} O-O {[%clk 1:32:15]} 5. a3 {[%clk 1:31:59]} Be7 {[%clk 1:32:43]}
6. g3 {[%clk 1:27:06]} c5 {[%clk 1:27:05]} 7. Bg2 {[%clk 1:24:02]} cxd4
{[%clk 1:25:57]} 8. Nxd4 {[%clk 1:23:56]} d5 {[%clk 1:26:24]} 9. cxd5
{[%clk 1:20:55]} Nxd5 {[%clk 1:26:37]} 10. N2f3 {[%clk 1:17:14]} Qa5+
{[%clk 1:23:58]} 11. Bd2 {[%clk 1:16:32]} Qb6 {[%clk 1:23:26]} 12. Qb3
{[%clk 1:12:52]} Bf6 {[%clk 1:23:16]} 13. e4 {[%clk 1:02:03]} e5 {[%clk 1:04:33]}
14. Qxb6 {[%clk 0:56:13]} Nxb6 {[%clk 1:04:55]} 15. Nb5 {[%clk 0:52:29]} Na6
{[%clk 1:02:45]} 16. O-O {[%clk 0:39:29]} Bd7 {[%clk 0:58:00]} 17. Nd6
{[%clk 0:38:49]} Bc6 {[%clk 0:51:17]} 18. Rfd1 {[%clk 0:34:13]} Nc8
{[%clk 0:28:53]} 19. Nc4 {[%clk 0:26:39]} Bxe4 {[%clk 0:24:45]} 20. Re1
{[%clk 0:23:10]} Bd5 {[%clk 0:24:32]} 21. Nfxe5 {[%clk 0:22:14]} Bxg2
{[%clk 0:24:23]} 22. Kxg2 {[%clk 0:22:38]} b5 {[%clk 0:24:49]} 23. Na5
{[%clk 0:21:48]} Nb6 {[%clk 0:24:42]} 24. Nac6 {[%clk 0:21:00]} Rfe8
{[%clk 0:22:45]} 25. Bc3 {[%clk 0:19:16]} Nc5 {[%clk 0:18:15]} 26. Rad1
{[%clk 0:18:58]} Ne6 {[%clk 0:18:41]} 27. f4 {[%clk 0:16:55]} g6 {[%clk 0:15:53]}
28. Nxg6 {[%clk 0:12:20]} hxg6 {[%clk 0:15:45]} 29. Bxf6 {[%clk 0:12:42]} Kf8
{[%clk 0:16:14]} 30. Nd4 {[%clk 0:08:38]} Nd5 {[%clk 0:14:17]} 31. Nxe6+
{[%clk 0:08:21]} fxe6 {[%clk 0:14:44]} 32. Bd4 {[%clk 0:08:22]} Kf7
{[%clk 0:15:06]} 33. Rc1 {[%clk 0:07:50]} Rec8 {[%clk 0:15:28]} 34. Kf3
{[%clk 0:07:02]} a5 {[%clk 0:15:39]} 35. b3 {[%clk 0:04:26]} Ne7 {[%clk 0:06:47]}
36. g4 {[%clk 0:03:20]} Rd8 {[%clk 0:06:30]} 37. Bb6 {[%clk 0:01:46]} Rd3+
{[%clk 0:05:55]} 38. Re3 {[%clk 0:02:06]} Rd6 {[%clk 0:06:22]} 39. Bc7
{[%clk 0:01:02]} Rd2 {[%clk 0:05:55]} 40. Rce1 {[%clk 0:30:37]} Rh8
{[%clk 0:36:04]} 41. f5 {[%clk 0:16:40]} gxf5 {[%clk 0:35:18]} 42. Rxe6
{[%clk 0:15:01]} fxg4+ {[%clk 0:33:16]} 43. Kxg4 {[%clk 0:14:55]} Nd5
{[%clk 0:32:28]} 44. Rd6 {[%clk 0:09:42]} Rd4+ {[%clk 0:08:51]} 45. Kf3
{[%clk 0:03:24]} Rf4+ {[%clk 0:02:17]} 46. Kg2 {[%clk 0:03:32]} Rg8+
{[%clk 0:02:37]} 47. Kh1 {[%clk 0:03:30]} Nxc7 {[%clk 0:03:04]} 48. Rd7+
{[%clk 0:03:52]} Kf6 {[%clk 0:03:30]} 49. Rxc7 {[%clk 0:04:14]} Rf2
{[%clk 0:03:54]} 50. Rh7 {[%clk 0:03:19]} Rf3 {[%clk 0:02:57]} 1/2-1/2

[Event "WYCC Open U14"]
[Site "Porto Carras"]
[Date "2015.10.27"]
[Round "3.8"]
[White "Pultinevicius, Paulius"]
[Black "Zarubitski, Viachaslau"]
[Result "1/2-1/2"]
[BlackElo "2310"]
[WhiteElo "2157"]
[LiveChessVersion "1.4.6"]

1. d4 {[%clk 1:30:59]} Nf6 {[%clk 1:30:56]} 2. c4 {[%clk 1:31:25]} c6
{[%clk 1:30:59]} 3. Nf3 {[%clk 1:31:25]} g6 {[%clk 1:31:16]} 4. Nc3
{[%clk 1:29:50]} d5 {[%clk 1:31:41]} 5. Bg5 {[%clk 1:25:47]} Bg7 {[%clk 1:31:53]}
6. e3 {[%clk 1:26:12]} O-O {[%clk 1:31:15]} 7. Bd3 {[%clk 1:26:24]} Bg4
{[%clk 1:24:49]} 8. h3 {[%clk 1:25:52]} Bxf3 {[%clk 1:24:20]} 9. Qxf3
{[%clk 1:26:16]} dxc4 {[%clk 1:20:56]} 10. Bxc4 {[%clk 1:26:40]} Qb6
{[%clk 1:21:01]} 11. Bb3 {[%clk 1:20:30]} c5 {[%clk 1:14:56]} 12. dxc5
{[%clk 1:16:13]} Qxc5 {[%clk 1:14:52]} 13. Qxb7 {[%clk 1:05:08]} Nc6
{[%clk 1:12:59]} 14. Qb5 {[%clk 1:03:48]} Qxb5 {[%clk 1:10:05]} 15. Nxb5
{[%clk 1:04:07]} Ne4 {[%clk 1:06:10]} 16. Bf4 {[%clk 1:03:34]} Nb4
{[%clk 0:58:49]} 17. Ke2 {[%clk 0:48:07]} Rad8 {[%clk 0:55:00]} 18. Rad1
{[%clk 0:45:51]} a6 {[%clk 0:49:01]} 19. f3 {[%clk 0:42:39]} Nc5 20. Rxd8
{[%clk 0:41:41]} Rxd8 {[%clk 0:41:25]} 21. Nc3 {[%clk 0:42:07]} Nbd3
{[%clk 0:39:04]} 22. Rd1 {[%clk 0:41:26]} Nxf4+ {[%clk 0:39:06]} 23. exf4
{[%clk 0:41:49]} Rb8 {[%clk 0:39:34]} 24. Kd2 {[%clk 0:36:01]} Nxb3+
{[%clk 0:35:07]} 25. axb3 {[%clk 0:36:25]} Rxb3 {[%clk 0:35:23]} 26. Kc2
{[%clk 0:36:51]} Rb8 {[%clk 0:35:24]} 27. Rd7 {[%clk 0:36:13]} Bf6
{[%clk 0:32:41]} 28. Rd5 {[%clk 0:29:53]} Rb6 {[%clk 0:25:44]} 29. f5
{[%clk 0:29:58]} Kg7 {[%clk 0:25:30]} 30. fxg6 {[%clk 0:29:41]} hxg6
{[%clk 0:25:53]} 31. Na4 {[%clk 0:21:01]} Rc6+ {[%clk 0:21:41]} 32. Rc5
{[%clk 0:19:20]} Re6 {[%clk 0:20:07]} 33. Kd2 {[%clk 0:19:31]} Rd6+
{[%clk 0:20:27]} 34. Ke2 {[%clk 0:18:30]} Bd4 {[%clk 0:20:10]} 35. Ra5
{[%clk 0:17:24]} Rc6 {[%clk 0:19:58]} 36. Kd3 {[%clk 0:17:42]} e5
{[%clk 0:19:47]} 37. f4 {[%clk 0:16:00]} f6 {[%clk 0:19:11]} 38. fxe5
{[%clk 0:16:28]} fxe5 {[%clk 0:18:53]} 39. b4 Kf6 {[%clk 0:04:40]} 40. Ke4
{[%clk 0:46:45]} Kg5 {[%clk 0:32:02]} 41. Nc5 {[%clk 0:45:27]} Kh4
{[%clk 0:30:00]} 42. Rxa6 {[%clk 0:37:29]} Rxa6 {[%clk 0:26:53]} 43. Nxa6
{[%clk 0:37:54]} Kg3 {[%clk 0:27:10]} 44. Nc5 {[%clk 0:37:14]} Kxg2
{[%clk 0:27:26]} 45. Kd5 {[%clk 0:36:48]} Kxh3 {[%clk 0:15:07]} 46. b5
{[%clk 0:36:33]} Bg1 {[%clk 0:14:46]} 47. b6 {[%clk 0:35:34]} e4 {[%clk 0:15:13]}
48. b7 {[%clk 0:35:50]} Bh2 {[%clk 0:15:38]} 49. Nxe4 {[%clk 0:35:30]} Bb8
{[%clk 0:15:49]} 50. Ke6 {[%clk 0:32:41]} Kg4 {[%clk 0:15:13]} 51. Kf6
{[%clk 0:32:17]} Kf4 {[%clk 0:14:34]} 52. Kxg6 {[%clk 0:32:42]} 1/2-1/2

[Event "WYCC Open U14"]
[Site "Porto Carras"]
[Date "2015.10.27"]
[Round "3.9"]
[White "Drori, Saar"]
[Black "Plazuelo Pascual, Juan"]
[Result "1-0"]
[BlackElo "2302"]
[WhiteElo "2156"]
[LiveChessVersion "1.4.6"]

1. d4 {[%clk 1:30:24]} Nf6 {[%clk 1:30:27]} 2. c4 {[%clk 1:30:51]} e6
{[%clk 1:30:42]} 3. Nf3 {[%clk 1:31:14]} d5 {[%clk 1:30:58]} 4. g3
{[%clk 1:31:37]} dxc4 {[%clk 1:29:59]} 5. Bg2 {[%clk 1:29:59]} Bd7
{[%clk 1:30:00]} 6. Ne5 {[%clk 1:24:58]} Bc6 {[%clk 1:30:00]} 7. Nxc6
{[%clk 1:24:06]} Nxc6 {[%clk 1:30:20]} 8. O-O {[%clk 1:22:50]} Qd7
{[%clk 1:30:16]} 9. e3 {[%clk 1:21:26]} O-O-O {[%clk 1:30:08]} 10. Qa4
{[%clk 1:15:05]} Nd5 {[%clk 1:29:17]} 11. Qxc4 {[%clk 1:12:38]} h5
{[%clk 1:29:04]} 12. Nc3 {[%clk 1:10:46]} h4 {[%clk 1:26:26]} 13. Rd1
{[%clk 1:07:48]} f5 {[%clk 1:21:49]} 14. Qe2 {[%clk 0:58:50]} hxg3
{[%clk 1:18:00]} 15. hxg3 {[%clk 0:54:54]} g5 {[%clk 0:41:10]} 16. e4
{[%clk 0:52:30]} Nxc3 {[%clk 0:37:52]} 17. bxc3 {[%clk 0:52:49]} f4
{[%clk 0:30:27]} 18. gxf4 {[%clk 0:50:36]} gxf4 {[%clk 0:27:33]} 19. Bxf4
{[%clk 0:50:43]} Bh6 {[%clk 0:26:16]} 20. Bg3 {[%clk 0:50:00]} Qg7
{[%clk 0:21:04]} 21. Rab1 {[%clk 0:44:07]} Rdg8 {[%clk 0:16:08]} 22. Qb5
{[%clk 0:22:10]} Nd8 {[%clk 0:15:46]} 23. Qe5 {[%clk 0:17:40]} Qf7
{[%clk 0:14:24]} 24. Rd3 {[%clk 0:14:56]} Rh7 {[%clk 0:11:02]} 25. d5
{[%clk 0:10:07]} exd5 {[%clk 0:06:16]} 26. exd5 {[%clk 0:09:47]} Rhg7
{[%clk 0:02:44]} 27. d6 {[%clk 0:09:04]} Bf4 {[%clk 0:02:30]} 28. Qb5
{[%clk 0:02:40]} c6 {[%clk 0:02:10]} 29. d7+ {[%clk 0:02:46]} Kb8
{[%clk 0:02:00]} 30. Bxc6 {[%clk 0:02:03]} Bxg3 {[%clk 0:01:49]} 31. Qxb7+
{[%clk 0:02:27]} Nxb7 {[%clk 0:02:08]} 32. Rxb7+ {[%clk 0:02:54]} 1-0

[Event "WYCC Open U14"]
[Site "Porto Carras"]
[Date "2015.10.27"]
[Round "3.10"]
[White "Hakobyan, Aram"]
[Black "Pantzar, Milton"]
[Result "1-0"]
[BlackElo "2153"]
[WhiteElo "2288"]
[LiveChessVersion "1.4.6"]

1. d4 {[%clk 1:30:52]} Nf6 {[%clk 1:30:50]} 2. Bg5 {[%clk 1:31:12]} Ne4
{[%clk 1:28:26]} 3. Bf4 {[%clk 1:31:34]} c5 {[%clk 1:28:48]} 4. f3
{[%clk 1:31:55]} Nf6 {[%clk 1:28:27]} 5. d5 {[%clk 1:31:18]} g6 {[%clk 1:23:40]}
6. e4 {[%clk 1:31:28]} d6 {[%clk 1:23:45]} 7. Nc3 {[%clk 1:31:50]} Bg7
{[%clk 1:22:16]} 8. Qd2 {[%clk 1:28:12]} Na6 9. Nge2 {[%clk 1:23:29]} Qa5
{[%clk 1:05:06]} 10. Ng3 Bd7 {[%clk 0:54:53]} 11. Be2 {[%clk 1:19:16]} O-O 12.
O-O {[%clk 1:08:58]} Nc7 {[%clk 0:46:11]} 13. a3 {[%clk 0:57:26]} Na6
{[%clk 0:28:58]} 14. Be3 {[%clk 0:53:53]} e6 {[%clk 0:26:18]} 15. dxe6
{[%clk 0:45:32]} Bxe6 {[%clk 0:26:34]} 16. f4 {[%clk 0:45:48]} d5
{[%clk 0:22:27]} 17. exd5 {[%clk 0:37:29]} Bg4 {[%clk 0:20:33]} 18. Bc4
{[%clk 0:35:59]} Nc7 {[%clk 0:18:21]} 19. h3 {[%clk 0:30:02]} Bd7
{[%clk 0:16:44]} 20. d6 {[%clk 0:26:50]} Be6 {[%clk 0:16:33]} 21. b4 cxb4 22.
axb4 {[%clk 0:26:35]} Qxb4 {[%clk 0:16:25]} 23. Bxe6 {[%clk 0:26:54]} Nxe6
{[%clk 0:16:11]} 24. Ra4 {[%clk 0:27:17]} Qb2 {[%clk 0:12:10]} 25. Rb1
{[%clk 0:27:37]} Ne4 {[%clk 0:11:07]} 26. Ngxe4 1-0

[Event "WYCC Open U14"]
[Site "Porto Carras"]
[Date "2015.10.27"]
[Round "3.11"]
[White "Giannoulakis, Labros"]
[Black "Zhu, Yi"]
[Result "1-0"]
[BlackElo "2284"]
[WhiteElo "2139"]
[LiveChessVersion "1.4.6"]

1. d4 {[%clk 1:30:52]} Nf6 {[%clk 1:30:01]} 2. c4 {[%clk 1:31:15]} g6
{[%clk 1:29:23]} 3. g3 {[%clk 1:31:41]} c6 {[%clk 1:29:42]} 4. Bg2
{[%clk 1:30:53]} d5 {[%clk 1:27:30]} 5. cxd5 {[%clk 1:29:15]} cxd5
{[%clk 1:27:47]} 6. Nf3 {[%clk 1:28:48]} Bg7 {[%clk 1:27:19]} 7. Nc3
{[%clk 1:27:02]} O-O {[%clk 1:27:40]} 8. Ne5 {[%clk 1:26:38]} Nc6
{[%clk 1:09:31]} 9. O-O {[%clk 1:26:48]} Ng4 {[%clk 1:09:52]} 10. Nxc6
{[%clk 1:23:59]} bxc6 {[%clk 1:10:20]} 11. Bf4 {[%clk 1:14:25]} Ba6
{[%clk 0:56:20]} 12. Na4 {[%clk 1:08:02]} e5 {[%clk 0:43:29]} 13. dxe5
{[%clk 1:07:29]} Qe7 {[%clk 0:42:11]} 14. Rc1 {[%clk 1:02:16]} Nxe5
{[%clk 0:40:04]} 15. Nc5 {[%clk 0:57:25]} Bb5 {[%clk 0:30:14]} 16. b3
{[%clk 0:53:36]} Nd7 {[%clk 0:28:30]} 17. Nxd7 {[%clk 0:49:21]} Qxd7
{[%clk 0:28:57]} 18. Qd2 {[%clk 0:47:16]} Rfe8 {[%clk 0:26:52]} 19. Bf3
{[%clk 0:46:46]} Rac8 {[%clk 0:25:16]} 20. Rfe1 {[%clk 0:46:41]} Bf8
{[%clk 0:21:04]} 21. Bh6 {[%clk 0:30:26]} Bxh6 {[%clk 0:18:59]} 22. Qxh6
{[%clk 0:30:50]} c5 {[%clk 0:19:04]} 23. Qg5 {[%clk 0:27:10]} Ba6
{[%clk 0:07:38]} 24. Qxd5 {[%clk 0:24:35]} Qxd5 {[%clk 0:07:57]} 25. Bxd5
{[%clk 0:24:59]} Rxe2 {[%clk 0:08:10]} 26. Rxe2 {[%clk 0:24:27]} Bxe2
{[%clk 0:08:39]} 27. Re1 {[%clk 0:23:35]} Rd8 {[%clk 0:08:57]} 28. Bxf7+
{[%clk 0:23:41]} Kxf7 {[%clk 0:09:26]} 29. Rxe2 {[%clk 0:24:02]} Kf6
{[%clk 0:05:56]} 30. Re4 {[%clk 0:22:25]} Rd6 {[%clk 0:04:34]} 31. Ra4
{[%clk 0:21:13]} a6 {[%clk 0:05:00]} 32. Kf1 {[%clk 0:19:55]} Ke5
{[%clk 0:05:12]} 33. Ke2 {[%clk 0:19:47]} Re6 {[%clk 0:04:40]} 34. Kd3
{[%clk 0:18:31]} Kd5 {[%clk 0:05:05]} 35. Rf4 {[%clk 0:15:30]} Rd6
{[%clk 0:02:54]} 36. Rf8 {[%clk 0:14:08]} Kc6+ {[%clk 0:03:11]} 37. Kc3
{[%clk 0:13:58]} Re6 {[%clk 0:03:03]} 38. Rf7 {[%clk 0:13:40]} h6
{[%clk 0:02:38]} 39. h4 {[%clk 0:05:35]} Kd5 {[%clk 0:02:56]} 40. Rd7+
{[%clk 0:34:26]} Ke4 {[%clk 0:32:37]} 41. Rd3 {[%clk 0:34:16]} Rf6
{[%clk 0:32:18]} 42. Re3+ {[%clk 0:33:44]} Kd5 43. f4 {[%clk 0:33:36]} Rf5
{[%clk 0:32:57]} 44. Kd3 {[%clk 0:30:15]} g5 {[%clk 0:32:44]} 45. hxg5
{[%clk 0:29:47]} hxg5 {[%clk 0:33:13]} 46. Rf3 {[%clk 0:28:23]} Rf6
{[%clk 0:31:45]} 47. Rf2 {[%clk 0:25:31]} a5 {[%clk 0:30:20]} 48. f5
{[%clk 0:22:25]} g4 {[%clk 0:29:06]} 49. Rf4 {[%clk 0:21:57]} Ke5
{[%clk 0:29:23]} 50. Re4+ {[%clk 0:20:19]} Kd5 {[%clk 0:27:28]} 51. Rxg4
{[%clk 0:19:55]} Rxf5 {[%clk 0:27:57]} 52. Rf4 {[%clk 0:20:08]} Rh5
{[%clk 0:28:20]} 53. Ke3 {[%clk 0:19:48]} Kc6 {[%clk 0:26:07]} 54. Ra4
{[%clk 0:18:50]} Kb5 {[%clk 0:26:10]} 55. g4 {[%clk 0:18:36]} Rh2
{[%clk 0:26:05]} 56. g5 {[%clk 0:18:27]} Rh3+ {[%clk 0:25:36]} 57. Ke4
{[%clk 0:17:01]} 1-0

[Event "WYCC Open U14"]
[Site "Porto Carras"]
[Date "2015.10.27"]
[Round "3.12"]
[White "Brodsky, David"]
[Black "Raja, Harshit"]
[Result "0-1"]
[BlackElo "2110"]
[WhiteElo "2251"]
[LiveChessVersion "1.4.6"]

1. e4 {[%clk 1:30:58]} c5 {[%clk 1:30:37]} 2. Nc3 {[%clk 1:31:22]} d6
{[%clk 1:27:13]} 3. f4 {[%clk 1:31:44]} Nc6 {[%clk 1:24:40]} 4. Nf3
{[%clk 1:31:35]} g6 {[%clk 1:23:43]} 5. Bb5 {[%clk 1:31:45]} Bg7 {[%clk 1:21:20]}
6. O-O {[%clk 1:31:10]} Bd7 {[%clk 1:15:37]} 7. Bc4 {[%clk 1:31:23]} Nd4
{[%clk 1:13:28]} 8. a4 {[%clk 1:29:15]} a6 9. d3 {[%clk 1:13:54]} e6
{[%clk 1:01:36]} 10. Be3 {[%clk 1:00:30]} Ne7 {[%clk 0:57:01]} 11. Qd2
{[%clk 0:54:38]} Bc6 {[%clk 0:47:17]} 12. Bxd4 {[%clk 0:42:43]} cxd4
{[%clk 0:44:48]} 13. Ne2 {[%clk 0:42:17]} Qb6 {[%clk 0:42:16]} 14. a5
{[%clk 0:40:31]} Qc5 {[%clk 0:40:46]} 15. b4 {[%clk 0:35:13]} Qa7
{[%clk 0:40:29]} 16. Bb3 {[%clk 0:35:32]} Bxe4 {[%clk 0:33:46]} 17. dxe4
{[%clk 0:32:49]} d3+ {[%clk 0:34:39]} 18. Ned4 {[%clk 0:33:11]} Bxd4+
{[%clk 0:34:58]} 19. Nxd4 {[%clk 0:33:34]} Qxd4+ {[%clk 0:35:19]} 20. Kh1
{[%clk 0:33:55]} Qxe4 {[%clk 0:24:24]} 21. cxd3 {[%clk 0:34:02]} Qd4
{[%clk 0:24:05]} 22. Ba4+ {[%clk 0:29:01]} Nc6 {[%clk 0:21:57]} 23. Rac1
{[%clk 0:27:59]} O-O {[%clk 0:15:40]} 24. Bxc6 {[%clk 0:26:57]} bxc6
{[%clk 0:16:05]} 25. Rxc6 {[%clk 0:27:12]} Rfc8 {[%clk 0:16:09]} 26. Qc2
{[%clk 0:18:22]} Rxc6 {[%clk 0:16:20]} 27. Qxc6 {[%clk 0:18:46]} Rb8
{[%clk 0:16:09]} 28. Qxa6 {[%clk 0:17:45]} Rxb4 {[%clk 0:16:30]} 29. h3
{[%clk 0:16:07]} Ra4 {[%clk 0:15:47]} 30. Qb5 {[%clk 0:15:38]} Ra3
{[%clk 0:11:16]} 31. a6 {[%clk 0:11:37]} Qa7 {[%clk 0:08:24]} 32. Rc1
{[%clk 0:05:58]} Rxa6 {[%clk 0:03:17]} 33. Rc8+ {[%clk 0:04:50]} Kg7
{[%clk 0:03:43]} 34. Qb2+ {[%clk 0:05:14]} e5 {[%clk 0:03:52]} 35. Rc1
{[%clk 0:03:36]} Ra2 {[%clk 0:04:13]} 36. Qb4 {[%clk 0:02:44]} Qa3
{[%clk 0:03:44]} 37. Qxa3 {[%clk 0:02:37]} Rxa3 {[%clk 0:04:10]} 38. fxe5
{[%clk 0:02:42]} dxe5 {[%clk 0:04:38]} 39. Rc5 {[%clk 0:31:01]} Kf6
{[%clk 0:03:28]} 40. Rc6+ {[%clk 0:30:47]} Ke7 {[%clk 0:32:13]} 41. Rc7+
{[%clk 0:30:04]} Ke6 {[%clk 0:32:31]} 42. Rc6+ {[%clk 0:27:14]} Kd7
{[%clk 0:32:49]} 43. Rf6 {[%clk 0:27:14]} Ke7 {[%clk 0:32:54]} 44. Rf3
{[%clk 0:27:18]} f5 {[%clk 0:32:35]} 45. h4 {[%clk 0:23:51]} Ke6 {[%clk 0:32:17]}
46. Kg1 {[%clk 0:18:41]} e4 {[%clk 0:29:35]} 47. dxe4 {[%clk 0:18:50]} Rxf3
{[%clk 0:30:03]} 48. gxf3 {[%clk 0:19:12]} fxe4 {[%clk 0:30:31]} 49. Kf2
{[%clk 0:17:52]} exf3 {[%clk 0:28:52]} 50. Kxf3 {[%clk 0:17:48]} Kf5
{[%clk 0:29:02]} 51. Kg3 {[%clk 0:16:26]} Ke4 {[%clk 0:29:29]} 52. h5
{[%clk 0:14:17]} g5 {[%clk 0:29:49]} 53. Kg4 {[%clk 0:14:27]} h6 {[%clk 0:30:16]}
54. Kg3 {[%clk 0:14:51]} Kf5 {[%clk 0:30:42]} 55. Kh3 {[%clk 0:14:57]} Kf4
{[%clk 0:31:03]} 0-1

[Event "WYCC Open U14"]
[Site "Porto Carras"]
[Date "2015.10.28"]
[Round "4.1"]
[White "Taghizadeh, Rayan"]
[Black "Checa, Nicolas D"]
[Result "1/2-1/2"]
[BlackElo "2437"]
[WhiteElo "2240"]
[LiveChessVersion "1.4.6"]

1. e4 {[%clk 1:30:58]} e6 {[%clk 1:30:55]} 2. d4 {[%clk 1:31:22]} d5
{[%clk 1:31:21]} 3. Nd2 {[%clk 1:31:48]} c5 {[%clk 1:31:13]} 4. exd5
{[%clk 1:31:49]} Qxd5 {[%clk 1:31:25]} 5. Ngf3 {[%clk 1:31:54]} cxd4
{[%clk 1:31:04]} 6. Bc4 {[%clk 1:31:51]} Qd7 {[%clk 1:25:02]} 7. O-O
{[%clk 1:22:00]} Nf6 {[%clk 1:24:54]} 8. Nb3 {[%clk 1:16:42]} Nc6
{[%clk 1:24:38]} 9. Nbxd4 {[%clk 1:14:43]} Nxd4 {[%clk 1:24:16]} 10. Qxd4
{[%clk 1:07:29]} Qxd4 {[%clk 1:21:44]} 11. Nxd4 {[%clk 1:07:16]} Bd7
{[%clk 1:22:09]} 12. b3 {[%clk 0:51:02]} Bc5 {[%clk 1:08:52]} 13. Bb2
{[%clk 0:47:56]} Rc8 {[%clk 1:07:51]} 14. Rad1 {[%clk 0:36:47]} O-O
{[%clk 1:02:32]} 15. Nf3 {[%clk 0:28:45]} Rfd8 {[%clk 0:59:36]} 16. Ne5
{[%clk 0:26:33]} Be8 {[%clk 0:59:37]} 17. Be2 {[%clk 0:24:39]} Ne4
{[%clk 0:55:22]} 18. Bd3 {[%clk 0:22:25]} Nf6 {[%clk 0:52:19]} 19. c4
{[%clk 0:21:58]} Kf8 {[%clk 0:51:05]} 20. g4 {[%clk 0:20:03]} Bd4
{[%clk 0:45:34]} 21. Bxd4 {[%clk 0:20:12]} Rxd4 {[%clk 0:45:57]} 22. Bc2
{[%clk 0:20:34]} Rxd1 {[%clk 0:42:46]} 23. Rxd1 {[%clk 0:20:28]} Rc5
{[%clk 0:42:48]} 24. Re1 {[%clk 0:19:17]} g5 {[%clk 0:42:20]} 25. Kg2
{[%clk 0:18:22]} Ke7 {[%clk 0:41:03]} 26. Kg3 {[%clk 0:17:01]} a5
{[%clk 0:37:42]} 27. f4 {[%clk 0:16:19]} h6 {[%clk 0:37:10]} 28. h4
{[%clk 0:16:32]} gxf4+ {[%clk 0:29:23]} 29. Kxf4 {[%clk 0:16:42]} b5
{[%clk 0:29:34]} 30. g5 {[%clk 0:14:17]} hxg5+ {[%clk 0:28:36]} 31. hxg5
{[%clk 0:14:45]} Nd7 {[%clk 0:26:31]} 32. Nxd7 {[%clk 0:10:55]} Bxd7
{[%clk 0:24:43]} 33. Re5 {[%clk 0:10:58]} Rc8 {[%clk 0:24:05]} 34. Bd3
{[%clk 0:09:06]} bxc4 {[%clk 0:24:25]} 35. Bxc4 {[%clk 0:09:31]} a4
{[%clk 0:24:51]} 36. Ra5 {[%clk 0:08:52]} axb3 {[%clk 0:25:12]} 37. axb3
{[%clk 0:09:11]} f6 {[%clk 0:25:06]} 38. gxf6+ {[%clk 0:06:56]} Kxf6
{[%clk 0:25:29]} 39. Rh5 Rf8 1/2-1/2

[Event "WYCC Open U14"]
[Site "Porto Carras"]
[Date "2015.10.28"]
[Round "4.2"]
[White "Esipenko, Andrey"]
[Black "Hakobyan, Aram"]
[Result "1-0"]
[BlackElo "2288"]
[WhiteElo "2384"]
[LiveChessVersion "1.4.6"]

1. Nf3 {[%clk 1:30:55]} e6 {[%clk 1:30:11]} 2. g3 {[%clk 1:31:10]} b5
{[%clk 1:30:15]} 3. Bg2 {[%clk 1:31:32]} Bb7 {[%clk 1:30:40]} 4. b3
{[%clk 1:31:01]} Be7 {[%clk 1:29:46]} 5. O-O {[%clk 1:29:10]} c5 {[%clk 1:28:33]}
6. Bb2 {[%clk 1:26:23]} Bf6 {[%clk 1:24:35]} 7. d4 {[%clk 1:24:38]} cxd4
{[%clk 1:24:17]} 8. Bxd4 {[%clk 1:21:39]} Nc6 {[%clk 1:23:11]} 9. Bxf6
{[%clk 1:21:01]} Nxf6 {[%clk 1:22:50]} 10. Nbd2 {[%clk 1:11:50]} d5
{[%clk 1:20:48]} 11. Ne1 {[%clk 1:10:04]} O-O {[%clk 1:12:46]} 12. Nd3
{[%clk 1:10:17]} Qe7 {[%clk 1:09:00]} 13. c4 {[%clk 1:00:05]} bxc4
{[%clk 1:02:11]} 14. bxc4 {[%clk 1:00:30]} Rfd8 {[%clk 1:01:13]} 15. Rb1
{[%clk 0:54:28]} Rac8 {[%clk 1:00:24]} 16. Qa4 {[%clk 0:42:16]} Nd4
{[%clk 0:51:50]} 17. Qxa7 {[%clk 0:39:35]} Nxe2+ {[%clk 0:51:54]} 18. Kh1
{[%clk 0:40:02]} Rc7 {[%clk 0:49:43]} 19. Ne5 {[%clk 0:38:06]} Nc3
{[%clk 0:44:49]} 20. Rxb7 {[%clk 0:36:05]} Rxb7 {[%clk 0:41:56]} 21. Qa5
{[%clk 0:36:28]} Ra7 {[%clk 0:27:40]} 22. Qxc3 {[%clk 0:36:31]} Qc7
{[%clk 0:27:43]} 23. Nd3 {[%clk 0:30:27]} dxc4 {[%clk 0:24:39]} 24. Nb4
{[%clk 0:30:26]} Nd5 {[%clk 0:23:34]} 25. Bxd5 {[%clk 0:27:07]} exd5
{[%clk 0:23:55]} 26. Nf3 {[%clk 0:27:20]} Qb7 {[%clk 0:14:43]} 27. Nd4
{[%clk 0:26:03]} Rda8 {[%clk 0:14:54]} 28. Re1 {[%clk 0:25:49]} Qd7
{[%clk 0:13:34]} 29. Ndc6 {[%clk 0:23:15]} Ra3 {[%clk 0:10:44]} 30. Qd4
{[%clk 0:23:17]} Re8 {[%clk 0:07:58]} 31. Rxe8+ {[%clk 0:21:53]} Qxe8
{[%clk 0:08:27]} 32. Qxd5 {[%clk 0:20:53]} c3 {[%clk 0:08:37]} 33. Kg2
{[%clk 0:19:31]} h6 {[%clk 0:07:30]} 34. Qc4 {[%clk 0:18:49]} Qa8
{[%clk 0:06:58]} 35. Kg1 {[%clk 0:14:08]} Qe8 {[%clk 0:06:17]} 36. Nd5
{[%clk 0:11:56]} Qe6 {[%clk 0:04:43]} 37. Ncb4 {[%clk 0:09:58]} Qe1+
{[%clk 0:03:27]} 38. Kg2 {[%clk 0:10:17]} Qe6 {[%clk 0:03:36]} 39. Kg1
{[%clk 0:06:16]} Qe1+ {[%clk 0:03:25]} 40. Kg2 {[%clk 0:34:59]} Qe6
{[%clk 0:33:37]} 41. Qd3 {[%clk 0:25:55]} Ra4 {[%clk 0:25:21]} 42. Qxc3
{[%clk 0:25:49]} Qe4+ {[%clk 0:23:42]} 43. Qf3 {[%clk 0:25:44]} Qxf3+
{[%clk 0:23:18]} 44. Kxf3 {[%clk 0:26:10]} Ra3+ {[%clk 0:23:12]} 45. Ke4
{[%clk 0:25:46]} Kh7 {[%clk 0:23:16]} 46. Ne3 {[%clk 0:24:34]} Kg6
{[%clk 0:23:23]} 47. Nc4 {[%clk 0:18:46]} Ra4 {[%clk 0:22:29]} 48. a3
{[%clk 0:18:03]} Kg5 {[%clk 0:21:50]} 49. h3 {[%clk 0:18:32]} h5 {[%clk 0:21:33]}
50. Ke5 {[%clk 0:15:46]} Ra8 {[%clk 0:20:17]} 51. Nd3 {[%clk 0:14:55]} Re8+
{[%clk 0:18:58]} 52. Kd4 {[%clk 0:15:17]} Rd8+ {[%clk 0:17:44]} 53. Kc3
{[%clk 0:15:02]} h4 {[%clk 0:14:12]} 54. g4 {[%clk 0:14:58]} f5 {[%clk 0:14:31]}
55. f4+ {[%clk 0:14:26]} Kf6 {[%clk 0:14:57]} 56. g5+ {[%clk 0:13:22]} Ke6
{[%clk 0:15:26]} 57. Ne3 {[%clk 0:13:05]} Ra8 {[%clk 0:15:12]} 58. a4
{[%clk 0:12:04]} Rc8+ {[%clk 0:15:04]} 59. Kd4 {[%clk 0:11:41]} g6
{[%clk 0:11:29]} 60. Nc5+ {[%clk 0:10:30]} Kf7 {[%clk 0:11:11]} 61. a5
{[%clk 0:10:26]} Rb8 {[%clk 0:11:29]} 62. a6 {[%clk 0:10:24]} Rb1
{[%clk 0:11:49]} 63. Nc2 {[%clk 0:10:07]} Rb2 {[%clk 0:11:54]} 64. Kc3
{[%clk 0:10:17]} Ra2 {[%clk 0:12:13]} 65. Kb3 {[%clk 0:10:33]} Ra5
{[%clk 0:12:41]} 66. Kb4 {[%clk 0:10:57]} Ra2 {[%clk 0:13:08]} 67. Na3
{[%clk 0:11:05]} Rb2+ {[%clk 0:13:34]} 68. Ka5 {[%clk 0:10:12]} Rb8
{[%clk 0:13:58]} 69. a7 {[%clk 0:10:32]} 1-0